Every Steel Rollercoaster in Europe - Statistics

General Stats
  • This quiz has been taken 72 times
  • The average score is 160 of 1431
Answer Stats
Park Answer % Correct
Europa Park Silver Star
77%
Phantasialand Black Mamba
69%
Phantasialand F.L.Y.
69%
Alton Towers Oblivion
69%
Särkänniemi Amusement Park Hype
65%
Alton Towers Rita
65%
Alton Towers Smiler
65%
Phantasialand Taron
65%
Energylandia Zadra
65%
Europa Park blue fire Megacoaster
62%
Arinilandia Drago
62%
50 Year Park | Aile Parkı | Akasya Luna Park | +25 others Dragon
62%
Alton Towers Galactica
62%
Thorpe Park Nemesis Inferno
62%
Ferrari Land Red Force
62%
Thorpe Park Saw - The Ride
62%
Pleasure Beach Resort Big One
58%
Thorpe Park Hyperia
58%
Plopsaland De Panne Ride to Happiness
58%
PortAventura Park Shambhala
58%
Thorpe Park Stealth
58%
Thorpe Park Colossus
54%
PortAventura Park Dragon Khan
54%
Energylandia Hyperion
54%
Alton Towers Nemesis Reborn
54%
Energylandia Speed
54%
Walibi Holland Untamed
54%
Europa Park Voltron
54%
Efteling Baron 1898
50%
Bellewaerde Park | Energylandia | Parc des Combes | +2 others Boomerang
50%
Holiday Park Expedition GeForce
50%
Liseberg Helix
50%
Pleasure Beach Resort Icon
50%
Europa Park Pegasus
50%
Au Paradis des Enfants | Babylon Park | Blueland | +17 others Roller Coaster
50%
Park Rozrywki Rollercoaster
50%
Thorpe Park Swarm
50%
Parc Astérix Toutatis
50%
Chessington World of Adventures | Walibi Belgium Vampire
50%
Energylandia Abyssus
46%
Conny-Land | Freizeit-Land Geiselwind | Paultons Park | +2 others Cobra
46%
Europa Park Eurosat - CanCan Coaster
46%
PortAventura Park Furius Baco
46%
Walibi Holland Goliath
46%
Europa Park Arthur
42%
Europa Park Atlantica SuperSplash
42%
Europa Park Euro Mir
42%
Walibi Belgium Kondaa
42%
Gröna Lund | Walygator Grand Est Monster
42%
Gardaland Raptor
42%
Ange Michel | Bakken | Orășelul Copiilor | +2 others Tornado
42%
Drayton Manor Wave
42%
Parque Warner Madrid Batman Gotham City Escape
38%
Toverland Fēnix
38%
Energylandia Formuła
38%
Parc Astérix OzIris
38%
Bobbejaanland | Pleasure Beach Resort Revolution
38%
Etnaland | Magic Park Land Storm
38%
Parque Warner Madrid Superman / la Atracción de Acero
38%
Alton Towers Th13teen
38%
Phantasialand Colorado Adventure
35%
Thorpe Park Flying Fish
35%
Fårup Sommerland Fønix
35%
Bobbejaanland Fury
35%
Drayton Manor | Family Park | Kingoland | +2 others Gold Rush
35%
Parc Astérix Goudurix
35%
Heide Park Resort Krake
35%
Liseberg Luna
35%
Les Menuires Mine
35%
Leolandia | PowerPark | Slagharen Themepark & Resort | Web Adventure Park Mine Train
35%
Gardaland Oblivion - The Black Hole
35%
Flamingo Land Sik
35%
Alton Towers Spinball Whizzer
35%
Linnanmäki Taiga
35%
Thorpe Park Walking Dead - The Ride
35%
Antibes Land | Luna Park Mamaia | Parko Paliatso Luna Park Wild Mouse
35%
Disneyland Paris - Disneyland Park Big Thunder Mountain
31%
Osteria Ai Pioppi Bob
31%
Walibi Holland Condor
31%
Heide Park Resort Desert Race
31%
Flamingo Land Hero
31%
Flamingo Land Kumali
31%
Legendia Śląskie Wesołe Miasteczko Lech Coaster
31%
Walibi Holland Lost Gravity
31%
Europa Park Matterhorn Blitz
31%
Djurs Sommerland Piraten
31%
Europa Park Poseidon
31%
Hansa-Park Schwur des Kärnan
31%
Pleasure Beach Resort Steeplechase
31%
Parque Warner Madrid Stunt Fall
31%
Le Pal Twist
31%
Liseberg Valkyria
31%
Phantasialand Winjas
31%
Alpyland Mottarone | Bardonecchia Alpine Coaster | Cheile Gradistei | +15 others Alpine Coaster
27%
Golm Alpine-Coaster
27%
Plopsaland De Panne Anubis: The Ride
27%
Heide Park Resort Big Loop
27%
Phantasialand Crazy Bats
27%
Hansa-Park Flucht von Novgorod
27%
Heide Park Resort Flug der Dämonen
27%
Pleasure Beach Resort Infusion
27%
Gröna Lund Insane
27%
Mirabilandia iSpeed
27%
Djurs Sommerland Juvelen
27%
Mirabilandia Katun
27%
Linnanmäki Kirnu
27%
TusenFryd Loopen
27%
Gardaland Mammut
27%
Chessington World of Adventures Mandrill Mayhem
27%
Energylandia Mars
27%
Flamingo Land Mumbo Jumbo
27%
Coney Beach Pleasure Park | Giresun Lunapark | Lunapark | Rhyl Fun Fair Nessi
27%
Efteling Python
27%
Adventure Island Rage
27%
Alton Towers | Flamingo Land | Funland Amusement Park | M&Ds Scotland's Theme Park Runaway Mine Train
27%
Holiday Park Sky Scream
27%
Nigloland Alpina Blitz
23%
Botton's Pleasure Beach | Great Yarmouth Pleasure Beach | M&Ds Scotland's Theme Park | +2 others Big Apple
23%
Gardaland Blue Tornado
23%
Walibi Belgium Calamity Mine
23%
Plopsaland De Panne Draak
23%
Legoland Billund | Tivoli Friheden Dragen
23%
Legoland Windsor Dragon's Apprentice
23%
Barry Island Promenade Fun Park | Coşkun Lunapark | Debrecen Zoo and Amusement Park | +15 others Family Coaster
23%
Charles Knie’s Circus-Land Family-Coaster
23%
Lunapark Katerina Indiana Jones
23%
Liseberg Lisebergbanan
23%
Crealy Adventure Park Maximus
23%
Legoland Deutschland Maximus - Der Flug des Wächters
23%
Parc Astérix Pégase Express
23%
Phantasialand Raik
23%
Chessington World of Adventures Rattlesnake
23%
Knowsley Safari Rattle Snake
23%
Energylandia Roller Coaster Mayan
23%
Europa Park Schweizer Bobbahn
23%
TusenFryd Speed Monster
23%
Paultons Park Storm Chaser
23%
Heide Park Resort Toxic Garden
23%
Bobbejaanland Typhoon
23%
Paultons Park Velociraptor
23%
Drayton Manor Accelerator
19%
Europa Park Alpenexpress Enzian
19%
Pleasure Beach Resort Avalanche
19%
Europa Park Ba-a-a-Express
19%
Toverland Booster Bike
19%
Chessington World of Adventures Dragon's Fury
19%
Toverland Dwervelwind
19%
Energylandia Happy Loops
19%
Land of Legends Theme Park Hyper Coaster
19%
Cinecittà World | Terra Mítica Inferno
19%
Ferrari Land Junior Red Force
19%
Erlebnispark Tripsdrill Karacho
19%
Walibi Rhône-Alpes Mahuka
19%
Legoland Windsor Minifigure Speedway
19%
Walibi Rhône-Alpes Mystic
19%
Hansa-Park | Luna Park Nessie
19%
Fantasy Island Odyssey
19%
Emerald Park Quest
19%
MagicLand Shock
19%
Skyline Park Sky Wheel
19%
Oakwood Theme Park Speed: No Limits
19%
Walibi Holland Speed of Sound
19%
Movie Park Germany Star Trek: Operation Enterprise
19%
PortAventura Park Tami-Tami
19%
Parque de Atracciones de Madrid Tarántula
19%
Walibi Belgium Tiki-Waka
19%
Pleasurewood Hills Wipeout
19%
Parque de Atracciones de Madrid Abismo
15%
Bayern-Park | Ferienzentrum Schloss Dankern | Flippolino | +6 others Achterbahn
15%
Bobbahn Donnstetten | Heide Park Resort Bobbahn
15%
1. Kärntner Erlebnispark | Affen- und Vogelpark | Beverland | +40 others Butterfly
15%
ABpark | Lightwater Valley | Luna Park Panoramski Točak Caterpillar
15%
Disneyland Paris - Walt Disney Studios Park Crush's Coaster
15%
Tivoli Gardens Dæmonen
15%
PortAventura Park Diablo - Tren de la Mina
15%
Paultons Park Dino Chase
15%
Blair Drummond Safari and Adventure Park | Central Park | Dinopark Funtana | +4 others Dragon Coaster
15%
Energylandia | Furuvik Draken
15%
Walibi Holland Drako
15%
Legoland Windsor DUPLO Dino Coaster
15%
Freizeitpark Plohn Dynamite
15%
Energylandia Energuś
15%
Luna Park Tirana Express
15%
Emerald Park Fianna Force
15%
Energylandia Frida
15%
Erlebnispark Tripsdrill G'sengte Sau
15%
Erlebnispark Tripsdrill Hals-über-Kopf
15%
Belantis | Bellewaerde Park Huracan
15%
Lightwater Valley | Wicksteed Park Ladybird
15%
Fantasy Island Millennium
15%
Futuroscope Objectif Mars
15%
Wiener Prater Race
15%
Disneyland Paris - Walt Disney Studios Park RC Racer
15%
Parque Warner Madrid Shadows of Arkham
15%
Gardaland Shaman
15%
Skyline Park Sky Rider
15%
Cannon Hill Park | Canpol Wonderland | Churpfalzpark | +5 others Spinning Coaster
15%
TusenFryd SuperSplash
15%
Parc Astérix Trace Du Hourra
15%
Walibi Belgium Turbine
15%
Energylandia Viking Roller Coaster
15%
Efteling Vliegende Hollander
15%
Bundoran Adventure Park | Coney Beach Pleasure Park | Dinos Luna Park | +2 others Wacky Worm
15%
Schwaben Park Wilde Hilde
15%
Taunus Wunderland | Wiener Prater Wilde Maus
15%
Cinecittà World Altair
12%
Mehliskopf Bob-Bahn
12%
Walygator Grand Est Comet
12%
Parque Warner Madrid Correcaminos Bip, Bip
12%
Hansa-Park Crazy Mine
12%
Azur Park | Brighton Palace Pier | Bundoran Adventure Park | +2 others Crazy Mouse
12%
Adrenalinshow | Nokkakivi Park | Odessa Amusement Park Cyclon
12%
Mirabilandia Desmo Race
12%
Emerald Park Dino Dash
12%
Belantis Drachenritt
12%
Djurs Sommerland DrageKongen
12%
Energylandia Dragon Roller Coaster
12%
Legoland Deutschland Feuerdrache
12%
Luna Lunapark A.Ş. Çekmeköy | Magic Park Land Formula 1
12%
Bayern-Park Freischütz
12%
Energylandia Frutti Loop Coaster
12%
Flamingo Land | Leisure Island Fun Park Go Gator
12%
Bayside Fun Park | Clifton Park Amusements | Coney Beach Pleasure Park Go-Gator
12%
Parc d'Attractions Marseillan-Plage Gotham
12%
Fraispertuis City | Parc de la Vallée Grand Canyon
12%
Energylandia Honey Harbour
12%
Wiener Prater Insider
12%
Luna Park La Palmyre Jet Star
12%
Movie Park Germany Jimmy Neutron's Atomic Flyer
12%
PowerPark Junker
12%
Adventure Island Kiddi Koasta
12%
Energylandia Light Explorers
12%
Clacton Pier Looping Star
12%
La Sambuy | Normandie Luge | Parc d'Olhain Luge
12%
Fårup Sommerland Lynet
12%
Lunapark Fréjus | New Jesolandia Magic Mountain
12%
Adventure Island Mighty Mini Mega
12%
Alton Towers Octonauts Rollercoaster Adventure
12%
Parc du Bocasse Orochi
12%
Walibi Belgium Pulsar
12%
Erlebnispark Tripsdrill Rasender Tausendfüßler
12%
Dreamland Rock 'n' Roller
12%
Skyline Park Sky Dragster
12%
Skyline Park Sky Spin
12%
Bayern-Park Star-Shuttle
12%
Movie Park Germany Studio Tour
12%
Djurs Sommerland Thor's Hammer
12%
Fraispertuis City Timber Drop
12%
Terra Mítica Titánide
12%
Parque Warner Madrid Tom y Jerry
12%
Toverland Toos-Express
12%
Brighton Palace Pier | Luna Park Turbo
12%
Flamingo Land Velocity
12%
Parque de Atracciones de Madrid Vértigo
12%
La Récré des 3 Curés Vertika
12%
Parc Astérix Vol D'Icare
12%
Erlebnispark Tripsdrill Volldampf
12%
Bellewaerde Park Wakala
12%
Walibi Holland Xpress: Platform 13
12%
Familypark | Freizeitpark Lochmühle | Funny-World Adlerflug
8%
AltmühlBOB AltmühlBOB
8%
Brean Theme Park Astro Storm
8%
Disneyland Paris - Walt Disney Studios Park Avengers Assemble: Flight Force
8%
Movie Park Germany Backyardigans: Mission to Mars
8%
Adventure Island Barnstormer
8%
Bobbejaanland Bob Express
8%
Luna Park Valle dei Templi Bruco
8%
Arcolandia Pacifico | Astoria Village | EuroPark Milano Idroscalo | +3 others Bruco Mela
8%
Aile Parkı | Aktur Park | Babylandia | +24 others Brucomela
8%
Brean Theme Park Bulldog Coaster
8%
Familienpark Funtastico Bumerang
8%
Pleasurewood Hills Cannonball Express
8%
Brean Theme Park | Cambrian Kiddies Fun Fair | Primrose Valley Holiday Park Caterpillar Coaster
8%
Paultons Park Cat-O-Pillar Coaster
8%
Energylandia Choco Chip Creek
8%
Energylandia Circus Coaster
8%
Belantis Cobra des Amun Ra
8%
Jacquou Parc | South Pier Crazy Coaster
8%
Oakwood Theme Park Crocodile Coaster
8%
Kolmården Delfinexpressen
8%
Legendia Śląskie Wesołe Miasteczko Devil's Loop
8%
Mirabilandia Divertical
8%
Wiener Prater Dizzy Mouse
8%
Freizeit-Land Geiselwind | Old MacDonald's Farm Doggy Dog
8%
Legoland Deutschland Drachenjagd
8%
Didi'Land Drakkar
8%
Walibi Holland Eat My Dust
8%
Duinrell Falcon
8%
Fantasy Island | Fun Land | Grinyland Family Roller Coaster
8%
Paultons Park Farmyard Flyer
8%
Bayern-Park FirleFranz
8%
Le Pal Fjord Explorer
8%
Paultons Park Flight of the Pterosaur
8%
Emerald Park Flight School
8%
Skyline Park Flotter Otto
8%
Schwaben Park Force One
8%
Drievliet Family Park Formule X
8%
Bayern-Park Froschbahn
8%
Dennlys Parc Furio
8%
Movie Park Germany Ghost Chasers
8%
Kolmården Godiståget
8%
Lunapark Krynica | Movie Planet | PPS Park Platja d'Aro | Pirat' Parc Gold Mine
8%
Tatzmania Löffingen Gold Rusher
8%
Adventure Island Green Scream
8%
Wild- und Freizeitpark Klotten/Cochem Heiße Fahrt
8%
Schwaben Park Hummel Brummel
8%
Belantis Huracanito
8%
Disneyland Paris - Disneyland Park Indiana Jones et le Temple du Péril
8%
Movie Park Germany Iron Claw
8%
Isla Mágica Jaguar
8%
Drayton Manor Jormungandr
8%
Skyline Park Kids Spin
8%
Hansa-Park Kleine Zar
8%
Nigloland Krampus Expédition
8%
Gardaland Kung Fu Panda Master
8%
Gröna Lund Kvasten
8%
Emerald Park Ladybird Loop
8%
Furuvik Lightning
8%
Plopsaland De Panne #LikeMe Coaster
8%
Linnanmäki Linnunrata eXtra
8%
Mack's Amusements Little Dipper
8%
Clarence Pier | Gateway Resort | Tosselilla Mad Mouse
8%
Fun Land Magic Mouse
8%
Pleasurewood Hills Marble Madness
8%
Edelwies Marienkäfer
8%
Fort Fun Abenteuerland Marienkäferbahn
8%
Wiener Prater Maskerade
8%
Efteling Max + Moritz
8%
Dalmaland | Orășelul Copiilor Mine Train Coaster
8%
Bakken Mine Train Ulven
8%
Zoosafari Fasanolandia Montagne Russe
8%
Lindvallen | SkiStar Hammarbybacken | SkiStar Trysil Mountain Coaster
8%
Bobbejaanland Naga Bay
8%
Vulcania Namazu
8%
Nigloland Noisette Express
8%
Bobbejaanland Oki Doki
8%
Fårup Sommerland Orkanen
8%
Linnanmäki Pikajuna
8%
PowerPark Pitts Special
8%
Viaport Marina Tema Park Red Fire
8%
Mirabilandia Rexplorer
8%
Fantasy Island Rhombus Rocket
8%
Avonturenpark Hellendoorn RidderStrijd
8%
Avonturenpark Hellendoorn Rioolrat
8%
Hansa-Park Royal Scotsman
8%
Botton's Pleasure Beach | Brean Theme Park | Fun Land | +6 others Runaway Train
8%
Linnanmäki Salama
8%
Fårup Sommerland Saven
8%
Hansa-Park Schlange von Midgard
8%
Parc du Petit Prince Serpent
8%
Djurs Sommerland Skatteøen
8%
Parc Astérix SOS Tournevis
8%
Jardin d'Acclimatation Speed Rockets
8%
Fort Fun Abenteuerland SpeedSnake FREE
8%
Bobbejaanland Speedy Bob
8%
TusenFryd Storm - The Dragon Legend
8%
Holiday Park Tabalugas Achterbahn
8%
Clarence Pier Tidal Wave
8%
Mer de Sable Tiger Express
8%
Parque de Atracciones de Madrid TNT Tren de la Mina
8%
Cigoland | La Coccinelle | La Récré des 3 Curés | +3 others Train de la Mine
8%
Fort Fun Abenteuerland Trapper Slider
8%
Djurs Sommerland T-Rex Family Coaster
8%
Bagatelle Triops
8%
Drayton Manor Troublesome Trucks Runaway Coaster
8%
Linnanmäki Tulireki
8%
Crealy Adventure Park Twister Rollercoaster
8%
Flamingo Land Twistosaurus
8%
Linnanmäki Ukko
8%
PortAventura Park Uncharted: The Enigma of Penitence
8%
Movie Park Germany Van Helsing's Factory
8%
Gröna Lund Vilda Musen
8%
Djurs Sommerland Vilde Hønsejagt
8%
BonBon-Land Vild-Svinet
8%
Efteling Vogel Rok
8%
Wiener Prater Volare
8%
Extreme Park | Gorky Park | Parc Saint Paul Wild Train
8%
Wiener Prater Zug des Manitu
8%
Festyland 1066
4%
Amusementspark Tivoli | Kinderstad Heerlen | Mondo Verde Achtbaan
4%
Kid'zland Aero Kid'z
4%
Parc Saint Paul Aérotrain
4%
Tatzmania Löffingen African Spin
4%
Oberstdorf Kleinwalsertal Bergbahnen Allgäu Coaster
4%
WurzelRudi's ErlebnisWelt Allwetterbobbahn
4%
Gelenau Alpine-Coaster-Bahn
4%
Alpsee Bergwelt Alpsee Coaster
4%
Terra Mítica Alucinakis
4%
Lunapark Apocalypse
4%
Kingoland Apollo Steamrocket
4%
Parc Bellevue Apple
4%
Club Hotel Turan Prince World Apple Worm
4%
Le Pal Azteka
4%
Avonturenpark Hellendoorn Balagos
4%
Mer de Sable Bandidos
4%
Sommerrodelbahn Grafenau Bärenbob
4%
Serengeti-Park Batukai-Racer
4%
D'Rodelbahn St. Englmar Bayerwald-Coaster
4%
Skyline Park Berg- und Tal Hetz
4%
Dalmaland Big Blue
4%
Tivoli Friheden Bisværmen
4%
Blombergbahn Blomberg-Blitz
4%
Blombergbahn Blombini Express
4%
Boboffka Boboffka
4%
Fun Park Žiarce | Ski Areál Kaste Petříkov Bobová dráha
4%
Bobová Dráha Pastviny | Dolní Morava Relax & Sport Resort | HEIpark Tošovice | +7 others Bobová Dráha
4%
Bobovka u mlýna Bobovka
4%
Mibob | Sobri Jóska Élménypark | Zemplén Kalandpark Bob Pálya
4%
Balatonboglár Kalandpark | Ski Gyimes Bobpálya
4%
Parc de la Vallée | Sendaviva Bobsleigh
4%
ErlebnisBocksBerg BocksBergBob
4%
Karls Erlebnis-Dorf Döbeln Bockwurstschleuder
4%
Erlebniswelt Seilbahnen Thale Boderitt
4%
Bellewaerde Park Brazilian Buggies
4%
Brocken Coaster Brocken Coaster
4%
Family Park | L'Île aux Géants Brocomela
4%
Aydos Orman Parki | Luna Park | Macera Adası Brokomela
4%
Movieland Park Bront'O'Ring
4%
Zoomarine Buffalo Coaster
4%
Twinlakes Park Buffalo Stampede
4%
Disneyland Paris - Disneyland Park Casey Jr., Le Petit Train du Cirque
4%
AcroJungle Outdoor | Anatolia Parc | Koaland | +5 others Chenille
4%
Chiemgau Coaster Chiemgau Coaster
4%
Steinwasen Park Coasterbahn
4%
Conny-Land Cobralino
4%
Walibi Rhône-Alpes | Walygator Sud-Ouest Coccinelle
4%
The Milky Way Adventure Park Cosmic Caterpillar
4%
The Milky Way Adventure Park Cosmic Typhoon
4%
Bayside Fun Park | Curry's Fun Park Portrush | Pettitts Animal Adventure Park | Sandwell Valley Amusements Crazy Caterpillar
4%
Funny Land Crazy Chenille
4%
Oakwood Theme Park Creepy Crawler
4%
Barry Island Pleasure Park Cyclone
4%
Legoland Deutschland Das Große LEGO Rennen
4%
Bellewaerde Park Dawson Duel
4%
Nigloland Descente en Schlitt'
4%
Fort Fun Abenteuerland Devil's Mine
4%
Movieland Park Diabolik
4%
Erlebnispark Schloss Thurn Dinolino’s VR-Ride
4%
Flamingo Land Dino Roller
4%
Family Park Dog Coaster
4%
Avonturenpark Hellendoorn Donderstenen
4%
Freizeit-Land Geiselwind Drachen Höhle
4%
Freizeitpark Plohn Drachenwirbel
4%
Barry Island Pleasure Park Dragon Challenge
4%
Bobbejaanland Dreamcatcher
4%
Drievliet Family Park Dynamite Express
4%
Pleasurewood Hills Egg-Spress
4%
Eifelpark Eifel Blitz
4%
Eifelpark Eifel-Coaster
4%
Karls Erlebnis-Dorf Döbeln | Karls Erlebnis-Dorf Elstal | Karls Erlebnis-Dorf Koserow | +2 others Erdbeer Raupenbahn
4%
Erlebnispark Steinau Erli's Seifenkiste
4%
Edelwies Eulenblitz
4%
Zoosafari Fasanolandia Eurofigther
4%
Fabrikus World Eurospeed
4%
Erse Park Uetze | Jagdmärchenpark Hirschalm | Rügen Park | Schloß Beck Freizeitpark Familienachterbahn
4%
Tolk Schau Familien-Achterbahn
4%
Churpfalzpark Family Launch Coaster
4%
Great Yarmouth Pleasure Beach Family Star
4%
Family Park Family Worm
4%
Festilandia | Suvorov Park Fiesta Express
4%
Jardin d'Acclimatation Fils du Dragon
4%
Furuvik Fireball
4%
Fårup Sommerland Flagermusen
4%
Freizeit-Land Geiselwind Fluch des Kraken
4%
Legoland Billund Flying Eagle
4%
Fantasiana Fridolin's verrückter Zauberexpress
4%
Fröschbrunna Fröschbrunna Coaster
4%
Adventure Park Cimone Funbob
4%
Haunold Baranci | Monte Agudo Fun Bob
4%
Walibi Belgium Fun Pilot
4%
Bagatelle Gaz Express
4%
Walibi Rhône-Alpes Generator
4%
Wiener Prater Gesengte Sau
4%
Freizeitpark Ruhpolding Gipfelstürmer
4%
Steinwasen Park Gletscherblitz
4%
Taunus Wunderland Gobbi Express
4%
Mirabilandia Gold Digger
4%
Knightly's Funfair Goldmine Express
4%
Funny-World Goldminen Express
4%
Cowboyland | Nigloland Gold Mine Train
4%
Familypark Götterblitz
4%
Gulliver's Milton Keynes | Gulliver's Valley Resort | Gulliver's Warrington Grand Prix Racers
4%
Ravensburger Spieleland GraviTrax
4%
Hill Szczęśliwicka | Zjeżdżalnia Grawitacyjna Gravity Slide
4%
Winnoland Grosse Pomme
4%
Heide Park Resort Grottenblitz
4%
BonBon-Land Han-Katten
4%
Hasenhorn Rodelbahn Hasenhorn Coaster
4%
Familypark Herkules
4%
Erlebnisfelsen Pottenstein | Erlebniswelt Seilbahnen Thale | Ski- und Rodelarena Wasserkuppe Hexenbesen
4%
Edelwies Höllencoaster
4%
TusenFryd HuriHuri
4%
Heide Park Resort Indy-Blitz
4%
Jauden Jaudenhang Flitzer
4%
Fantasy Island Jellikins Coaster
4%
Julianatoren Jul's RollerSkates
4%
Amigoland | Chelyuskintsev Park Jumbo Jet
4%
Djurs Sommerland Jungle Rally
4%
Cavallino Matto Jurassic River
4%
Karls Erlebnis-Dorf Elstal K2
4%
Plopsaland De Panne K3 Roller Skater
4%
Karls Erlebnis-Dorf Rövershagen Kaffeekannen-Express
4%
Tivoli Gardens Kamelen
4%
Knuthenborg Safaripark Kampala Express
4%
Eifelpark Käpt'n Jack's Wilde Maus
4%
Zinkenlifte Bad Dürrnberg Keltenblitz
4%
Dudley Zoo and Castle Kiddies Coaster
4%
Potts Park Kiddy-Racer
4%
Bagatelle Kid'z Coaster
4%
Duinrell Kikkerachtbaan
4%
Karls Erlebnis-Dorf Elstal | Karls Erlebnis-Dorf Koserow | Karls Erlebnis-Dorf Rövershagen | +2 others Knollis Mini-K2
4%
Drievliet Family Park Kopermijn
4%
Taunus Wunderland Kuhddel Muuuhddel
4%
Bernex | Les Gets | Les Portes du Mont-Blanc | +2 others Luge 4 Saisons
4%
La Colmiane Luge d'été
4%
Jardin d'Acclimatation Machine à Vapeur
4%
Tivoli Gardens Mælkevejen
4%
Bakken | Brændesgårdshaven Mariehønen
4%
Churpfalzpark Marienkäfer Hochbahn
4%
Mirabilandia Master Thai
4%
Wiener Prater Megablitz
4%
Walygator Sud-Ouest Mine de Thor
4%
Fårup Sommerland Mine Expressen
4%
Freizeitpark Plohn Miniwah
4%
Babylon Park | Pola Park Montaña Rusa
4%
Parque de Atracciones Monte Igueldo Montaña Suiza
4%
Aquashow Family Park Montanha Russa
4%
Freizeitpark Monte Kaolino Monte Coaster
4%
Freizeitsee Triolago Moselbob
4%
Särkänniemi Amusement Park MotoGee
4%
Alanya Lunapark Nessi Dragon
4%
Parc Spirou Provence Nid des Marsupilamis
4%
Dennlys Parc Nitro
4%
Märchenwald im Isartal Oachkatzl
4%
Loro Parque Orca
4%
Gardaland Ortobruco Tour
4%
Parque de Atracciones de Madrid Padrinos Voladores
4%
Flamingo Park Pinball X
4%
Freizeit-Land Geiselwind Piraten Spinner
4%
Freizeitpark Plohn Plohseidon
4%
Karls Erlebnis-Dorf Elstal Poggys Wolken-Express
4%
Legoland Billund Polar X-plorer
4%
Antibes Land | Azur Park | Bid'A Parc | +3 others Pomme
4%
Potts Park Potts Blitz
4%
Cavallino Matto Project 1
4%
Botton's Pleasure Beach Queen Bee
4%
Liseberg Rabalder
4%
Britannia Pier | Trampoline Trier Racing Coaster
4%
Kid's Inn Rally
4%
Big Sheep Rampage
4%
Familypark Rattenmühle
4%
Schwaben Park Raupen Express
4%
Botton's Pleasure Beach Rockin Roller
4%
De Waarbeek Rodelbaan
4%
Rodelbahn Petersberg | Rodelbahn Pradaschier | Sommer-Rodelbahn Bodenwerder Rodelbahn
4%
Wiener Prater Roller Ball
4%
Wesole Miasteczko Family Park Roller Coaster F1
4%
Potts Park Säbelsaurus
4%
Tier- und Freizeitpark Thüle Schmetterling
4%
Churpfalzpark Schmetterlings-Pendelbahn
4%
BergTierPark Blindham Seifenkiste
4%
OK Corral Serpent Hopi
4%
Lunapark Payallar Shark
4%
Crealy Adventure Park Shark Bay
4%
Akasya Luna Park | Aktur Park | Altinbas Lunapark | +9 others Shark Trip
4%
Rocolinos Kinderwelt Silber Mine
4%
Silbersee Bob Silbersee Bob
4%
Mer de Sable Silver Mountain
4%
Freizeit-Land Geiselwind Silverpony Express
4%
Canpol Wonderland Sky Train
4%
Kaisereggbahnen Schwarzsee | Sommerrodelbahn Erbeskopf Sommer-Rodelbahn
4%
Abtenauer Bergbahnen GmbH | Bergbahnen St. Corona | Greuther Keller | +4 others Sommerrodelbahn
4%
Jardin d'Acclimatation Souris Mécaniques
4%
Nigloland Spatiale Expérience
4%
AltmühlBOB Speed Bob
4%
Kingoland Speed Chenille
4%
Mazaka Land Spin Coaster
4%
Parc Spirou Provence Spirou Racing
4%
Liseberg Stampbanan
4%
EuroPark Milano Idroscalo Star Loop
4%
Disneyland Paris - Disneyland Park Star Wars Hyperspace Mountain: Rebel Mission
4%
Super Besse Super Coaster
4%
Freizeit-Land Geiselwind Taka Waka
4%
Le Pal Tigre de Sibérie
4%
Pârtia Kalinderu Tobogan
4%
Góra Kamieńsk | Góra Żar | Górski Park Równica | +2 others Toboggan Run
4%
Naturland Tobotronc
4%
Lunapark Fréjus Tokaido Express
4%
Skara Sommarland Tranan
4%
Oakwood Theme Park Treetops Rollercoaster
4%
Tricky Track Tricky Track
4%
Gröna Lund Tuff-Tuff Tåget
4%
Potts Park Turbo-Drachen
4%
Wildlands Adventure Zoo Emmen Tweestryd
4%
Aktur Park | Bostanci Luna Park | Park Lunasan Twister Coaster
4%
Animaparc Occitanie Twister Colorado
4%
Leolandia Twister Mountain
4%
Drievliet Family Park Twistrix
4%
Land of Legends Theme Park Typhoon Coaster
4%
Särkänniemi Amusement Park Vauhtimato
4%
BonBon-Land Viktor Vandorm
4%
Bakken Vilde Mus
4%
D'Rodelbahn St. Englmar Voglwuide Sepp
4%
TusenFryd Western-Expressen
4%
Traumland auf der Bärenhöhle Wichtelexpress
4%
Cavallino Matto Wild Mine
4%
Clacton Pier Wild Mouse Coaster
4%
Luna Park Wild West Train
4%
Walibi Rhône-Alpes Woodstock Express
4%
Legoland Billund X-treme Racers
4%
Le Pal Yukon Quad
4%
The Milky Way Adventure Park Ziggy's Blast Quest
4%
Flamingo Land Zooom!
4%
Luna Park 5 Velocita
0%
West Midlands Safari Park African Big Apple
0%
ParkAntep Aile Treni
0%
Star Park Lunapark Air Coaster
0%
Le Fleury Aircraft
0%
Dalmaland Alien
0%
Ski Juwel Alpbachtal Wildschönau Alpbachtaler Lauser Sauser
0%
Visegrádi Bobpálya Alpesibob
0%
Merano 2000 Alpin Bob
0%
Happy Land Adventure Alpine Bob
0%
Namsskogan Familiepark Alpine Racer
0%
Alpspitzbahn Nesselwang Alpspitz Coaster
0%
Ölands Djur & Nöjespark Äppelmasken
0%
Codona's Amusement Park Apple Coaster
0%
Delphin BE Grand Resort Funpark Apple Worm Train
0%
Zillertal Arena Arena Coaster
0%
L'Île aux Géants Avengers Roller Coaster
0%
Fééryland Balade du Dragon
0%
Futuroscope Balancier
0%
Parcul Lacul Tei Balaurul 7 Capete
0%
Freizeitpark Stubenberg See Banane
0%
Fantasiland | Fiesta Parc Bassotto
0%
Le Fleury Bayou Express
0%
Erlebnisberg Altenberg Bergbauhunt
0%
Lilleputthammer Berg- og dalbane
0%
Spielplatz Längmuur Berg- & Talbahn
0%
Areál Mladé Buky Berta
0%
Kranjska Gora Besna Pehta
0%
Freizeitpark Familienland Big Bang
0%
Colin Glen Forest Park Black Bull Run
0%
Black Mountain Resort Black Viper
0%
Ttiki Leku Bob Bask
0%
Artesina Bob Estivo
0%
Bob Lacu Roşu Bob Lacu Roşu
0%
Moléson Bob-Luge
0%
Ski Centar Kopaonik | Ski Centar Tornik Bob na Šinama
0%
Kotor Cable Car Bob Staza - Alpine Coaster
0%
Doganaccia 2000 Bob su rotaia
0%
Promotur Piancavallo Bob su Rotaia
0%
Fun Park dell'Angelo Bob Su Rotaia
0%
Speranța Ski Complex Borsec Bob
0%
Kid Parc Boulet de Canon
0%
Baby Luna Park Brucognam
0%
Zoosafari Fasanolandia Bruco Miniottovolante
0%
Gomma Park Bruco Sprint
0%
Safari Park Bruco Verde
0%
Winnoland Bûche Dansante
0%
Eis Greissler Manufaktur Bucklbahn
0%
Kongeparken Bukkerittet
0%
Dreamland Busy Bee Coaster
0%
Parc Fenestre Cacahuète Express
0%
MagicLand Cagliostro
0%
Lunapark Canyon
0%
Pirates Cove Fun Park Captain Jacks Runaway Train
0%
Mandoria Carrara
0%
Osteria Ai Pioppi Carrello della Gobba
0%
Disentis Catrina Rodelbahn
0%
Mazaka Land Cheetah Hunt
0%
Kid Parc Chenille Pirate
0%
Parc de la Vallée Chenille Vallée
0%
PPS Park Platja d'Aro Ciclón
0%
MOİ Park Çilgin Mekik
0%
AltınPark Bursa Circus Clown
0%
Clécy Gliss Clécy Gliss
0%
Camel Creek Adventure Park | Wicksteed Park Clown Coaster
0%
Monte Tamaro Coaster Bob
0%
Seilschwebebahnen am Ochsenkopf Coaster Ochsenkopf
0%
Saint François Longchamp Comète
0%
Pipers Funfair Corey the Caterpillar
0%
Cobac Parc Corsaire
0%
Agorix Temapark Cosmic Coaster
0%
Respublika Crazy Race
0%
Solnechnaya Dolina Crazy Toboggan
0%
MOİ Park Çuf Çuf
0%
Sommerland Sjælland Cykelmyggen
0%
Denizli Observation Hill | Göksu Park | Macera Parkı | +4 others Dağ Kızağı
0%
Bursa ExtremPark | Dağ Kizaği Park Dağ Kizaği
0%
Le Lioran Déval´luge
0%
Parc des Combes Déval'Train
0%
Holiday World - Wooland Fun Park Dibu Dibu
0%
Zatorland Dinocoaster
0%
Jurajski Park Dinozaurów Dino Park
0%
Styrassic Park Dino-Roller Coaster
0%
Kadrioru Karussell Dino Rong
0%
Wicksteed Park Dinosaur Valley
0%
Mega Speelstad Disco Twister
0%
DippieDoe Attractiepark Dolle Pier
0%
Tier- und Freizeitpark Thüle Drachen-Achterbahn
0%
Familienerlebnis Drachental Drachenflitzer
0%
New Jesolandia Drago Landia
0%
Duinrell Dragon Fly
0%
Parc d'attractions Odet Loisirs Draisine
0%
Speelpark Oud Valkeveen Drakenbaan
0%
Festyland Drakkar Express
0%
Zoomarine Draky
0%
MagicLand Dune
0%
Park Miniatur Świat Marzeń Egypt Spinning Coaster
0%
Eibl Jet Türnitz Eibl Jet Türnitz
0%
Freizeitpark Lochmühle Eichhörnchenbahn
0%
RitterRost - Magic Park Verden Eiserne Schlange
0%
Etnaland Eldorado
0%
Basak Park | Cem Dana Lunapark | Coşkun Lunapark | PARKFUNtastic Elma Kurdu
0%
Parc Spirou Provence En avant Seccotine
0%
Mecsextrém Park Erdei Bob
0%
Erlebnis-Arena-Ruhla Erlebnis-Rodelbahn Ruhla
0%
Babylon Park E.R.S.
0%
MagicLand Esplorabruco
0%
Fabrikus World EuroLoop
0%
Familiepretpark Mini Mundi Familie Achtbaan
0%
BillyBird Hemelrijk Familieachtbaan
0%
Cima Piazzi Happy Mountain | Family Paradise Family Bob
0%
Fantasy Island Family Coaster Crazy Clown
0%
Avantaj Outlet Center | Gateway Resort Family Ride
0%
Bagatelle Famous Jack
0%
Animaparc Occitanie Far West Express
0%
Feeblitz Rodelbobbahn Feeblitz
0%
Zip World Fforest Fforest Coaster
0%
Sommer-Funpark Fiss Fisser Flitzer
0%
Luna Farm Formula Farm
0%
Parc du Bocasse Fort d'Odin
0%
Tosselilla Forza
0%
Erlebnisfelsen Pottenstein Frankenbob
0%
Cavallino Matto Freestyle
0%
Erlebniswelt Assling Fun Alpin Osttirol
0%
Alpe Campo Rimasco Fun Bob Rimasco
0%
Family Park Fun Dog
0%
Victory Park Funny Slides
0%
New Jesolandia Futurama
0%
Hunderfossen Eventyrpark Fyr & Flamme
0%
Ankara Luna Park Galaxi
0%
Fun Park Sunny Beach Galaxy Coaster
0%
Osteria Ai Pioppi Gioco Delle Onde
0%
Belli's Mini-Freizeitpark Goldmine Achterbahn
0%
Funny World Gold Mine Spinning
0%
Zanzibar Gorki
0%
Fééryland Grand Prix de Fééryland
0%
GreenWood Forest Park Green Dragon
0%
Grünbergflitzer Gmunden Grünbergflitzer
0%
Skara Sommarland Gruvbanan
0%
Children's Park Gusenitsa
0%
Guzet Guzet Express
0%
Bjørneparken Wildlife Zoo Gyldenklo
0%
Blair Drummond Safari and Adventure Park | Kidz Island Happy Caterpillar
0%
Erlebniswelt Seilbahnen Thale Harzbob
0%
Mondo Verde Havana Spinning Adventure
0%
Vauhtipuisto Herra Lohikäärme
0%
Skiliftkarussell Winterberg HerrlohBlitz
0%
Schöckl Seilbahn Hexenexpress
0%
Wheelgate Adventure Park High Hazel Mini Mine Coaster
0%
Tier- und Freizeitpark Thüle Hilly-Billy-Race
0%
Etnaland Hip Hop Coaster
0%
Rasti-Land Holta Di Polta
0%
Jaderpark Holzwurm-Achterbahn
0%
Bobovka Lipno Horská Bobová Dráha
0%
Central Park | Oktyabrskiy Park | Tsentralʹnyy Park Kulʹtury I Vidpochynku Hoverla
0%
Sobri Jóska Élménypark Hullámvasút
0%
BonBon-Land Hundeprutten
0%
Tykkimäki Idän Pikajuna
0%
Hunderfossen Eventyrpark Il Tempo Extra Gigante
0%
Toy Park Indianapolis
0%
Inselrodelbahn Bergen Inselrodelbahn Bergen
0%
Jardin des Bêtes Izio Express
0%
EuroPark Milano Idroscalo Jamming
0%
La Récré des 3 Curés Jeepo Dino
0%
Lunapark Robland Jet Star 3
0%
PowerPark Joyride
0%
Dyreparken JungelBob
0%
Parc du Bocasse Jurassic Twister
0%
Bad Kleinkirchheimer Bergbahnen Kaiserburg Bob
0%
Kneippbyn Kalkracet
0%
Tosselilla Kålmasken
0%
Naturwildpark Freisen Kangaroo Racer
0%
Katschberg Katschi's Goldfahrt
0%
Kinderland Trassenheide Kinderachterbahn
0%
Raubonių Pramogų Parkas Kirmėlė
0%
Leoganger Bergbahnen Klangrodelbahn
0%
Klausberg Klausberg Flitzer
0%
Karls Erlebnis-Dorf Döbeln Knollis Mais Express
0%
Farma Iluzji Kolejka Dragon
0%
Czorsztyn-ski Kluszkowce Kolejka Górska
0%
Malta Ski Kolejka Górska Adrenaline
0%
Crocus Park Konvoy Araba
0%
Crocus Park Köpek Balığı
0%
Kronberg Bobbahn Kronberg-Bobbahn
0%
Vialand Küçük Madenciler
0%
Kadrioru Karussell Kullakaevandus
0%
Kurpfalz Park Kurpfalz-Coaster
0%
Kaatach Larven
0%
Mirabilandia Leprotto Express
0%
Lobogó Resort Lobogó Bob
0%
Gulliver's Matlock Bath Log Coaster
0%
Verkeers- en Attractiepark Duinen Zathe London City Coaster
0%
Luna Park Sunny Beach Loop Max Adrenaline
0%
Tier- und Freizeitpark Thüle Lost World
0%
Lucky Flitzer Flachau Lucky Flitzer
0%
La Luge Alpine du Plan Incliné Luge Alpine
0%
Domaine des Planards Luge Chamonix
0%
Luge Park Chamrousse Luge Coaster
0%
Station de Métabief Luge des Cimes
0%
Risoul Labellemontagne Luge Dévale
0%
Vars Luge du Caribou
0%
Robella Fun Parc Luge Féeline
0%
Les Orres Luge L'Orrian Express
0%
Lou Bac Mountain Luge Lou Bac Mountain
0%
Queyras Montagne Luge Molines Sensation
0%
Montgenèvre Luge Monty Express
0%
Cap'Découverte | Markstein Grand-Ballon Luge Sur Rail
0%
Alpe d'Huez Luge sur Rail
0%
Syndicat Mixte des Monts Jura Luge Sur Rails
0%
Luge D'été Col De la Schlucht Luge sur Rails
0%
Ile de Loisirs d'Etampes Luge Toutes Saisons
0%
Lunapark Luna Pomme
0%
Vialand Maceraperest
0%
Camel Creek Adventure Park Magic Dragon
0%
Mon(t) Magic Family Park Màgic Gliss
0%
Maiskogel Maisiflitzer
0%
Rabkoland Mały Wiking
0%
Dolní Morava Relax & Sport Resort Mamutí Horská Dráha
0%
Kingoland Maranello Twist
0%
Parken Zoo Masken
0%
Vauhtipuisto Mato Mainio
0%
Oxygen Adrenalin Park Mátra Bob
0%
Twinlakes Park Mercury's Mini Coaster
0%
Mandoria Merkant
0%
Etnaland Miao Coaster
0%
Parque de Atracciones de Zaragoza Mina
0%
Dreamwood Mine 1771
0%
Dunes Leisure Miner Mike
0%
Kliemannsland Mini-Achterbahn
0%
Allou Fun Park Mini Big Apple
0%
Parco Giochi Giardino Inglese | Parco Giochi Santa Fe Minibruco
0%
Nettuno Park Minicoaster Apple
0%
Beogradski Luna Park | Sığacık Temapark Mini Dragon
0%
Fiabilandia Miniera d'Oro Del West
0%
Oasi Park Mini Mouse
0%
Parc Saint Paul Mini Mouse Cartoon
0%
Kangoo Park Mini Roller Coaster
0%
Zoosafari Fasanolandia Mirage Rosso
0%
Parque de Atracciones de Zaragoza Moncayo
0%
West Midlands Safari Park Monkey Mayhem
0%
Magic Park Montagna
0%
EuroPark Milano Idroscalo Montagne Russe Franchini
0%
Magikland Montanha Mágica
0%
Camel Creek Adventure Park Morgawr
0%
Hautacam Parc de Loisirs Mountain-Luge
0%
Régie des Saisies Mountain Twister
0%
Mandoria Mroczny Dwór
0%
Tibidabo Muntanya Russa
0%
Kienbergpark Natur-Bobbahn
0%
Vialand Nefeskesen
0%
PowerPark Neo's Twister
0%
Turracher Höhe Nocky Flitzer
0%
La Norma Ski Resort Norma Loops
0%
Gröna Lund Nyckelpigan
0%
Harbour Park Ocean Coaster
0%
Sommerrodelbahn Wald Michelbach Odenwaldbob
0%
Southport Pleasureland Odin's Little Dragon Coaster
0%
Oedberg Oedbergflitzer
0%
MagicLand Olandese Volante
0%
Gorky Park Old Mine
0%
Boudewijn Seapark Orca Ride
0%
Oskarshausen Oskars Rappelkiste
0%
Lienzer Bergbahnen Osttirodler
0%
Erlebnisregion am Fichtelberg O'thal Coaster
0%
Balatonibob Szabadidőpark Panorama Track
0%
Peppa Pig Park Papa Wutz´ Achterbahn
0%
Parque de Atracciones de Madrid Paw Patrol: Patrulla Canina
0%
Erlebnispark Steinau Pendelbahn
0%
Nassfeld Pendolino
0%
Parc du Petit Prince Pierre de Tonnerre
0%
France Miniature Pile Ou Face
0%
Fårup Sommerland Pindsvinet
0%
OK Corral Pioneer
0%
Piratenland Neuwied Pirate Fly
0%
Parc du Bocasse Pirate's Coaster
0%
Pista Bob Gambarie Pista Bob
0%
Pista Bob Lorica Pista Bob Lorica
0%
Olimpijski Centar Jahorina Planinski Bob
0%
Plose Plosebob
0%
Športni Center Pohorje PohorJET
0%
Straža Bled Poletno Sankanje
0%
Pra-Loup Praloops
0%
Parque de Atracciones de Zaragoza Ramses
0%
De Waarbeek Raptor Adventure
0%
Fiabilandia Red Mountain
0%
Loos Parc Requin
0%
Cita-Parc Requin Express’
0%
Le Fleury Rhaegal
0%
West Midlands Safari Park Rhino Coaster
0%
Ski- und Rodelarena Wasserkuppe Rhönbob
0%
RILA Fun Park RILA Fun Park
0%
Erlebnis Rittisberg Rittisberg Coaster
0%
Zatorland RobalCoaster
0%
Gulliver's Valley Resort Rocky Ridge Railway
0%
Pettitts Animal Adventure Park Rocky Roller Coaster
0%
Flumser Berg Rodelbahn Floomzer
0%
Isaberg Mountain Resort Rodelbana
0%
Heimwehfluh Rodel-Plausch - Rodelbahn Berg bis Tal
0%
Piedzīvojumu parks Tarzāns Rodeļu trase
0%
Parc Babyland Roller Castor
0%
Fantasiland Roller Coaster Snails
0%
Majaland Kownaty | Majaland Warsaw Rollercoaster Wikingów
0%
Parco Junior Roller Dragon
0%
Aqua Spa & Wellness Sea Panorama Roller LaCoster
0%
Fraispertuis City Ronde des Rondins
0%
Rosskopf Monte Cavallo Rosskopf Panorama Mountain Coaster
0%
Twinlakes Park Rum Runner
0%
De Waarbeek Rupsje Mae
0%
Serengeti-Park Safari-Blitz-Kids
0%
Vesuviuslandia Park Safari Tour
0%
Durau Park Sania de Vară
0%
Rogla Sankališče Zlodejevo
0%
Skiliftkarussell Winterberg Schanzen Wirbel
0%
Scharmützel Bob Scharmützelbob
0%
La Bresse Hohneck Schlitte Mountain
0%
Serfaus Fiss Ladis Schneisenfeger
0%
Allwetterrodelbahn Weißenfels Schöne Aussicht
0%
Plopsa Coo Schtroumpfeur
0%
Rainbow Park Sea Dragon
0%
Varna Fun Port Sea Storm
0%
Göksu Park Sevimli Dragon
0%
Dream World | Pavilion Fun Park Shark Coaster
0%
Ski&Sun Ski&Sun Coaster
0%
DaftöLand Skutan
0%
Merlin's Kinderwelt Sliding Caterpillar
0%
Monte Livata Slittinovia
0%
Bosco Gurin Slittovia
0%
Majaland Gdańsk Smerfowy Rollercoaster
0%
Jacquou Parc Sombrero
0%
Serlesbahnen Mieders Sommerrodelbahn Serlesblitz
0%
Royaume des enfants Souris Aventure
0%
Parc Saint Paul Souris Verte
0%
Fiabilandia SpaceMouse
0%
Merlin's Kinderwelt Space Roller Coaster
0%
Star Park Speed Cars
0%
Les Carroz Speed Dragoz: La Luge Des Carroz
0%
Bukovel Speed Fun
0%
Stoaninger Alm Speed-Gleit-Bahn
0%
Speed Luge Vercors Speed Luge
0%
Family Park Speedy Bruco
0%
Gomel Amusement Park | Ocean Beach Pleasure Park | Rhyl Fun Fair Speedy Coaster
0%
Cavallino Matto | Granada Wonderland | Jacquou Parc | +2 others Speedy Gonzales
0%
Papéa Parc Speedy Nuts
0%
Luneur Park | Skara Sommarland Spinner
0%
Jardin des Bêtes Spinning Abeille
0%
Zoosafari Fasanolandia Spinning Madness
0%
Sommerland Sjælland Spinning Out
0%
Funland Amusement Park Spinosaurus
0%
Bagatelle Spirale Express
0%
Joyland Childrens Fun Park Spook Express
0%
Verkeers- en Attractiepark Duinen Zathe Spur & The Big Apple
0%
Eden Park Squal8
0%
Steirarodl Modriach Steirarodl
0%
Erlebnisberg Sternrodt Sternrodler
0%
Rasti-Land Strohnado
0%
Silence Beach Resort | Treasure Island Amusement Park Super Dragon
0%
Coşkun Lunapark Super Loop
0%
AltınPark Bursa Super Train
0%
Kongeparken Svalbard Ekspressen
0%
Ange Michel Tacot en Folie
0%
Lunapark Sowiński Tajfun
0%
Tatrabob Tatranska Lomnica Tatrabob
0%
Lunapark Tattoo
0%
Julianatoren Texas Twister
0%
Tibidabo Tibidabo Express
0%
Bergbahnen Fieberbrunn Timoks Coaster
0%
Crocus Park | Mogan Lake Park | Royal Taj Mahal Hotel Tirtil
0%
Safari Park TNT Train
0%
Cavallino Matto Topo Zorro
0%
Ange Michel Tourbillon
0%
Zip World Tower Tower Coaster
0%
Diverty Parc Train Fou
0%
Lunapark Fréjus Train Gourmand
0%
Isla Mágica Tren de Potosí
0%
Park Activities Mirlo Blanco Trineo Ruso
0%
Happyland Tropical Track
0%
Balatonibob Szabadidőpark Tunnel Track
0%
Antibes Land Turtle's Coaster
0%
Tivoli Friheden Tyfonen
0%
DippieDoe Attractiepark Tyfoon
0%
Fiabilandia Valle degli Gnomi
0%
Osmaniye Masal Park Van Lake Monster
0%
Pramogu Kalnas Vasaros Rogutės
0%
Val d'Allos Verdon Express
0%
Rasti-Land Verrücktwärts
0%
Parco delle Stelle Via Lattea
0%
Plopsa Coo Vicky The Ride
0%
Majaland Praha Vic's Roller Coaster
0%
Sommerland Sjælland VildBassen
0%
Sommerland Sjælland Vildkatten
0%
Tivoli Friheden Vindfald
0%
Avonturenpark De Bergen Vliegende Schuyt
0%
Speelpark Oud Valkeveen Vliegende Valk
0%
Julianatoren Vlinder
0%
Dennlys Parc Voltigo
0%
Leolandia Vroom
0%
Armin Knittel Wally Blitz
0%
Parc Spirou Provence Wanted Dalton
0%
Land & Leute Erlebnishof Dithmarschen Wattwurm
0%
Great Yarmouth Pleasure Beach Whirlwind
0%
Plopsa Indoor Coevorden Wickiebaan
0%
Plopsa Indoor Hasselt Wickie Coaster
0%
Freizeitpark Familienland Wicky
0%
Inselsberg Funpark Wie-Flyer
0%
Rabkoland Wiking Coaster
0%
Safariland Stukenbrock Wilde Biene
0%
LandErlebnis Janßen Willi der Wurm
0%
Les 7 Laux Wiz Luge
0%
Central Park Wooden Coaster
0%
St. Martin am Tennengebirge Woody Bob
0%
Gulliver's Valley Resort | Gulliver's Warrington Wriggler
0%
X-Trém Bob X-Trém Bob
0%
Espace San Bernardo Xtreme Luge
0%
Bob Oxygen Resort Zeze Alpine Coaster
0%
Jaderpark Ziegelblitz
0%
Land of Legends Theme Park Zippy Zappy Coaster
0%
Skrzyczne Ski Resort COS Zjeżdżalnia Grawitacyjna
0%
No matching quizzes found
Score Distribution
Percent of People with Each Score
Percentile by Number Answered
Your Score History
You have not taken this quiz